| 000 | 00646cam a22002413a 4500 | ||
|---|---|---|---|
| 001 | 7429 | ||
| 003 | PGUSA | ||
| 005 | 20140828083144.0 | ||
| 008 | 050201s2005||||xxu|||||s|||||000 | eng d | ||
| 040 |
_aPGUSA _beng |
||
| 042 | _adc | ||
| 050 | 4 | _aBX | |
| 100 | 1 |
_aCole, Mary, _d1853-1940 |
|
| 245 | 1 | 0 |
_aTrials and Triumphs of Faith _h[electronic resource] / _cMary Cole |
| 260 |
_bProject Gutenberg, _c2005 |
||
| 506 | _aPublic domain in the USA. | ||
| 516 | _aElectronic text | ||
| 653 | _aCole, Mary, 1853-1940 | ||
| 653 | _aFaith | ||
| 830 | 0 |
_aProject Gutenberg _v7429 |
|
| 856 | 4 | 0 | _uhttp://www.gutenberg.org/ebooks/7429 |
| 942 | _cEB | ||
| 999 |
_c236749 _d236749 |
||